| 000 | 01731nam a22003378a 4500 | ||
|---|---|---|---|
| 001 | 73962 | ||
| 003 | BD-RjUL | ||
| 005 | 20211209082452.0 | ||
| 008 | 031217s2011 ilua b 001 0 eng c | ||
| 020 | _a9780821388181 | ||
| 020 | _a9780821388860 | ||
| 035 | _a(BD-RjUL)74180 | ||
| 040 |
_aIEN/DLC _cDLC _dDLC _dBD-RjUL _beng |
||
| 041 | _aeng | ||
| 082 | 0 | 0 |
_a338.968 _223 _bFOS 2011 |
| 245 | 0 | 0 |
_aFostering technology absorption in Southern African enterprises / _cItzhak Goldberg , Kuriakose, Smita , World Bank. |
| 260 |
_aWashington, D.C. : _bThe International Bank for Reconstruction and Development/The World Bank, _c2011. |
||
| 300 |
_axviii, 201 p. : _bill. ; _c24 cm. |
||
| 500 | _a"This study was carried out by a team jointly led by Itzhak Goldberg (Consultant) and Smita Kuriakose (Economist, the World Bank) and comprised of David E. Kaplan (Professor, University of Cape Town), Krista Tuomi (Lecturer, American University), Reza Daniels (Lecturer, University of Cape Town) and Peter Draper (Senior Research Fellow, SAIIA)." | ||
| 504 | _aIncludes bibliographical references and index. | ||
| 505 | 0 | _a1. Technology absorption and its determinants: an introduction -- 2. Channels of and constraints to technology absorption -- 3. Policy options for greater technology absorption. | |
| 650 | 0 |
_aTechnology transfer _zAfrica, Southern. _9219569 |
|
| 650 | 0 |
_aTechnological innovations _zAfrica, Southern. _9219570 |
|
| 650 | 0 |
_aInvestments, Foreign _zAfrica, Southern. _9219571 |
|
| 651 | 0 |
_aAfrica, Southern _xEconomic policy. _9219572 |
|
| 700 | 1 |
_aGoldberg, Itzhak, _d1947- _9219573 |
|
| 700 | 1 |
_aKuriakose, Smita. _9219574 |
|
| 710 | 2 |
_aWorld Bank. _9219575 |
|
| 942 |
_2ddc _cBK |
||
| 999 |
_c73962 _d73962 |
||